[Event "Nordisk Senior Mesterskab 2013"]
[Site "Allinge"]
[Date "2013.09.11"]
[Round "5"]
[White "Petersson, Gosta"]
[Black "Kristjansson, Sigurdur"]
[Result "1-0"]
[WhiteElo "2167"]
[BlackElo "1912"]
[PlyCount "71"]
[EventDate "2013.??.??"]

1. c4 c5 2. Nc3 Nf6 3. g3 g6 4. Bg2 Bg7 5. e3 O-O 6. Nge2 Nc6 7. a3 d6 8. d3
Bd7 9. Rb1 Qc8 10. h3 Rb8 11. b4 b6 12. b5 Nd8 13. Bb2 e5 14. g4 Be6 15. Ng3
Ne8 16. Nd5 Qd7 17. O-O Nc7 18. a4 f5 19. gxf5 Bxd5 20. cxd5 gxf5 21. Nh5 Ne8
22. Nxg7 Qxg7 23. f4 Nf7 24. Qh5 Qg6 25. Qh4 Rb7 26. Kh2 Ng7 27. Bf3 Qh6 28.
Qxh6 Nxh6 29. fxe5 Nf7 30. e6 Ne5 31. Bxe5 dxe5 32. d6 Rbb8 33. e7 Rf6 34. Bd5+
Kh8 35. d7 Rd6 36. Rxf5 1-0

[Event "Nordisk Senior Mesterskab 2013"]
[Site "Allinge"]
[Date "2013.09.11"]
[Round "5"]
[White "Zachariassen, John"]
[Black "Grabow, Pouelsten Holm"]
[Result "0-1"]
[WhiteElo "1900"]
[BlackElo "2157"]
[PlyCount "90"]
[EventDate "2013.??.??"]

1. Nf3 d5 2. d3 Nf6 3. Nbd2 e6 4. g3 b6 5. Bg2 Bb7 6. O-O c5 7. c3 Be7 8. Qc2
Nc6 9. e4 Qc7 10. Re1 h6 11. Nf1 g5 12. a3 dxe4 13. dxe4 g4 14. N3d2 Ne5 15.
Nc4 Nxc4 16. Qa4+ Bc6 17. Qxc4 b5 18. Qe2 h5 19. Qc2 Qb7 20. Bf4 O-O-O 21. Be5
h4 22. Bxf6 Bxf6 23. Qe2 Rdg8 24. Rad1 h3 25. Bh1 Be7 26. Ne3 f5 27. Nd5 Bg5
28. Nf4 Bxf4 29. gxf4 Rd8 30. Qe3 Qe7 31. b4 Rxd1 32. Rxd1 Rd8 33. Rd3 Rxd3 34.
Qxd3 cxb4 35. axb4 Qd7 36. Qe2 Kc7 37. Kf1 Qd6 38. e5 Qd7 39. Bxc6 Kxc6 40. Ke1
Qd5 41. Qe3 Kb7 42. Qg3 Qe4+ 43. Kd2 Kc6 44. Kc1 Kd5 45. Kd2 Kc4 0-1

[Event "Nordisk Senior Mesterskab 2013"]
[Site "Allinge"]
[Date "2013.09.11"]
[Round "5"]
[White "Grahn, Lars"]
[Black "Hvenekilde, Jorgen"]
[Result "1-0"]
[WhiteElo "1968"]
[BlackElo "2120"]
[PlyCount "79"]
[EventDate "2013.??.??"]

1. d4 Nf6 2. c4 e5 3. dxe5 Ne4 4. Nd2 Nc5 5. b4 Ne6 6. a3 a5 7. b5 d6 8. exd6
Qxd6 9. Bb2 Nd7 10. Ngf3 Ndc5 11. g3 Be7 12. Bg2 O-O 13. O-O f5 14. Qc2 Bf6 15.
Bxf6 Rxf6 16. Rfd1 Qe7 17. e3 Bd7 18. Ne5 Be8 19. Bd5 Rc8 20. Nb3 Nxb3 21. Qxb3
c6 22. bxc6 bxc6 23. Bxe6+ Qxe6 24. f4 c5 25. Rd2 Qa6 26. Rad1 Rb6 27. Qc2 g6
28. Rd8 Rbb8 29. R1d6 Qb7 30. Rxc8 Qxc8 31. Qd3 Kg7 32. Qc3 Kh6 33. Qxa5 Rb1+
34. Kg2 Qb7+ 35. Kh3 Rg1 36. Rd2 Qb1 37. Qd8 Qf1+ 38. Kh4 Rxg3 39. Kxg3 Qg1+
40. Kf3 1-0

[Event "Nordisk Senior Mesterskab 2013"]
[Site "Allinge"]
[Date "2013.09.11"]
[Round "5"]
[White "Baliuniene, Margarita"]
[Black "Svensson, Lars Ake"]
[Result "0-1"]
[WhiteElo "1834"]
[BlackElo "1977"]
[PlyCount "54"]
[EventDate "2013.??.??"]

1. d4 f5 2. c4 g6 3. Nf3 Nf6 4. Nc3 Bg7 5. g3 d6 6. Bg2 c6 7. O-O O-O 8. d5 Qc7
9. Re1 Nh5 10. e4 f4 11. Nd4 Qb6 12. Nce2 Be5 13. gxf4 Nxf4 14. Bxf4 Bxf4 15.
Nxf4 Rxf4 16. Qd2 Rf8 17. e5 c5 18. exd6 cxd4 19. dxe7 Re8 20. d6 Qxd6 21. Bd5+
Kg7 22. Qxd4+ Qf6 23. Qe4 Nc6 24. Bxc6 bxc6 25. Rad1 Bf5 26. Qe3 Kf7 27. Qc5
Qg5+ 0-1

[Event "Nordisk Senior Mesterskab 2013"]
[Site "Allinge"]
[Date "2013.09.11"]
[Round "5"]
[White "Gromark, Per Olof"]
[Black "Wihlborn, Bengt"]
[Result "1-0"]
[WhiteElo "2118"]
[BlackElo "1811"]
[PlyCount "43"]
[EventDate "2013.??.??"]

1. e4 c5 2. Nf3 e6 3. d4 cxd4 4. Nxd4 a6 5. c4 Nf6 6. Nc3 Bb4 7. Bd3 Nc6 8. a3
Bxc3+ 9. bxc3 O-O 10. Nxc6 dxc6 11. f4 e5 12. f5 Qa5 13. O-O Qxc3 14. Bg5 Rd8
15. Bxf6 gxf6 16. Qg4+ Kf8 17. Be2 c5 18. Rab1 Rd6 19. Rfd1 Rxd1+ 20. Rxd1 Ke7
21. Qg8 Qa5 22. Bh5 1-0

[Event "Nordisk Senior Mesterskab 2013"]
[Site "Allinge"]
[Date "2013.09.11"]
[Round "5"]
[White "Patola, Eero"]
[Black "Malmdin, Nils Ake"]
[Result "1/2-1/2"]
[WhiteElo "1956"]
[BlackElo "2230"]
[PlyCount "27"]
[EventDate "2013.??.??"]

1. e4 d5 2. exd5 Nf6 3. Bb5+ Bd7 4. Bc4 Bg4 5. f3 Bc8 6. Nc3 Nbd7 7. d4 a6 8.
Bb3 b5 9. Nge2 Bb7 10. Nf4 Nb6 11. O-O Nfxd5 12. Ncxd5 Nxd5 13. a4 e6 14. Qd3
1/2-1/2

[Event "Nordisk Senior Mesterskab 2013"]
[Site "Allinge"]
[Date "2013.09.11"]
[Round "5"]
[White "Kraft, Rene"]
[Black "Berkell, Peder"]
[Result "1/2-1/2"]
[WhiteElo "1696"]
[BlackElo "2201"]
[PlyCount "58"]
[EventDate "2013.??.??"]

1. c4 c5 2. Nc3 Nf6 3. b3 e6 4. Bb2 b6 5. Nf3 Bb7 6. g3 a6 7. Bg2 Be7 8. O-O
O-O 9. d3 d6 10. e4 Nbd7 11. Ne2 Qc7 12. a3 Rfd8 13. Qc2 d5 14. exd5 exd5 15.
Nf4 d4 16. Rae1 Bd6 17. Bc1 Bc6 18. Bd2 Qb7 19. Ng5 Bxg2 20. Nxg2 Re8 21. Qd1
h6 22. Rxe8+ Rxe8 23. Nf3 b5 24. Bf4 Bxf4 25. Nxf4 bxc4 26. bxc4 Ne5 27. Nxe5
Rxe5 28. Qb1 Re7 29. a4 g5 1/2-1/2

[Event "Nordisk Senior Mesterskab 2013"]
[Site "Allinge"]
[Date "2013.09.11"]
[Round "5"]
[White "Haagen Larsen, Hans"]
[Black "Bjorgvik, Jan Arne"]
[Result "1/2-1/2"]
[WhiteElo "1704"]
[BlackElo "1840"]
[PlyCount "156"]
[EventDate "2013.??.??"]

1. d4 d5 2. Bf4 e6 3. Nf3 Nf6 4. e3 Bd6 5. Ne5 O-O 6. Nd2 c6 7. c3 Qc7 8. Be2
Nfd7 9. Ndf3 f6 10. Nxd7 Nxd7 11. Bxd6 Qxd6 12. Qc2 e5 13. O-O-O b5 14. e4 exd4
15. Rxd4 a6 16. exd5 cxd5 17. Bd3 h6 18. Re1 Bb7 19. Bh7+ Kh8 20. Bg6 Ne5 21.
Nh4 Qb6 22. f4 Nc6 23. Rd2 b4 24. Qb3 Rfd8 25. Kb1 Qc7 26. Bf5 bxc3 27. Qxc3 d4
28. Qc4 Re8 29. Rxe8+ Rxe8 30. Ng6+ Kh7 31. Re2 Rxe2 32. Qxe2 Qd8 33. Nf8+ Kg8
34. Ne6 Qe7 35. Nxd4 Qxe2 36. Nxe2 Ne7 37. Bh3 g5 38. Be6+ Kg7 39. g3 Bf3 40.
Nd4 Be4+ 41. Kc1 gxf4 42. gxf4 f5 43. Kd2 Kf6 44. a3 Ng6 45. Bc4 a5 46. Ke3 Ke7
47. Nb3 a4 48. Nc5 Bc6 49. b4 axb3 50. Nxb3 Nh4 51. Bf1 Kd6 52. Nd4 Bd7 53. Kd3
Kd5 54. Ke3 Kc5 55. Nc2 Kd5 56. Ne1 Kc5 57. h3 Kd5 58. Bd3 Ng6 59. Nf3 Ne7 60.
Ne5 Be8 61. Bc4+ Kd6 62. Bf7 Bb5 63. Bb3 h5 64. Bf7 h4 65. Nf3 Bf1 66. Nxh4
Bxh3 67. Kd4 Bf1 68. Bc4 Bxc4 69. Kxc4 Ke6 70. Kc5 Kd7 71. Kb5 Kc7 72. Ka6 Kb8
73. a4 Ka8 74. a5 Kb8 75. Ng2 Nd5 76. Kb5 Ka7 77. Nh4 Nxf4 78. Nxf5 Ne6 1/2-1/2

[Event "Nordisk Senior Mesterskab 2013"]
[Site "Allinge"]
[Date "2013.09.11"]
[Round "5"]
[White "Ottesen, Soren Rud"]
[Black "Brogaard, Lars"]
[Result "1-0"]
[WhiteElo "1768"]
[BlackElo "1567"]
[PlyCount "37"]
[EventDate "2013.??.??"]

1. e4 g6 2. d4 d6 3. Be3 Bg7 4. Bc4 a6 5. Bb3 Nd7 6. Nc3 e6 7. Qd2 b5 8. a3 Bb7
9. f3 h6 10. Nh3 c5 11. Rd1 Ne7 12. dxc5 Nxc5 13. Qxd6 Nxb3 14. Qb4 Qa5 15.
Qxb3 Rc8 16. O-O Bxc3 17. bxc3 Qxc3 18. Qxc3 Rxc3 19. Bd4 1-0

[Event "Nordisk Senior Mesterskab 2013"]
[Site "Allinge"]
[Date "2013.09.11"]
[Round "5"]
[White "Lykke, Hans Christian"]
[Black "Christiansen, Niels Jorgen"]
[Result "0-1"]
[WhiteElo "1252"]
[BlackElo "1669"]
[PlyCount "160"]
[EventDate "2013.??.??"]

1. d4 d5 2. e4 dxe4 3. Nc3 Nf6 4. f3 e5 5. Be3 exd4 6. Bxd4 Nc6 7. Bb5 Bb4 8.
Bxc6+ bxc6 9. a3 Bxc3+ 10. bxc3 exf3 11. Qxf3 Qe7+ 12. Ne2 O-O 13. Bxf6 Qxf6
14. Qxf6 gxf6 15. O-O Ba6 16. Rf2 Rfe8 17. Nf4 Re5 18. Nd3 Bxd3 19. cxd3 Re6
20. Raf1 Kg7 21. Rf3 Rae8 22. Rg3+ Kf8 23. Rh3 Rd8 24. d4 Rb8 25. c4 Rb2 26.
Rhf3 Ke7 27. R3f2 Rb3 28. Rf3 Rb2 29. R3f2 Ree2 30. Rxe2+ Rxe2 31. Rf2 Re4 32.
Rd2 c5 33. dxc5 Rxc4 34. Re2+ Kd7 35. Kf2 Rxc5 36. Rd2+ Ke6 37. g4 Rc3 38. Re2+
Kd6 39. Re8 Rxa3 40. Rh8 Rh3 41. Kg2 Rh6 42. Ra8 Rg6 43. h3 f5 44. Kg3 fxg4 45.
hxg4 h5 46. Rxa7 Rxg4+ 47. Kf3 Rc4 48. Kg3 Ke6 49. Ra1 c5 50. Re1+ Kf6 51. Rf1+
Kg6 52. Rd1 Rd4 53. Ra1 c4 54. Ra6+ f6 55. Ra8 c3 56. Rc8 Rd3+ 57. Kh4 Rf3 58.
Rxc3 Rf4+ 59. Kg3 Kg5 60. Rc8 Rg4+ 61. Kh3 f5 62. Rg8+ Kf4 63. Rh8 Rg3+ 64. Kh4
Rg1 65. Kh3 Kf3 66. Kh2 Rg5 67. Kh3 f4 68. Kh4 Rg1 69. Rf8 Ke3 70. Re8+ Kf2 71.
Kxh5 f3 72. Kh4 Kf1 73. Kh3 f2 74. Kh2 Rg7 75. Rh8 Re7 76. Kg3 Ke1 77. Ra8 f1=Q
78. Ra1+ Ke2 79. Ra2+ Kd3 80. Ra3+ Kc4 0-1

[Event "Nordisk Senior Mesterskab 2013"]
[Site "Allinge"]
[Date "2013.09.12"]
[Round "6"]
[White "Kristiansen, Jens"]
[Black "Nyberg, Ulf"]
[Result "1-0"]
[WhiteElo "2403"]
[BlackElo "2130"]
[PlyCount "57"]
[EventDate "2013.??.??"]

1. d4 e6 2. Nf3 c5 3. e3 Nf6 4. Bd3 b6 5. O-O Be7 6. c4 Bb7 7. Nc3 O-O 8. d5
exd5 9. cxd5 Nxd5 10. Nxd5 Bxd5 11. Bxh7+ Kxh7 12. Qxd5 Nc6 13. e4 Qc7 14. Bg5
g6 15. Rad1 Rad8 16. e5 d6 17. e6 f6 18. Bc1 Ne5 19. Qe4 Rh8 20. Rd5 Qc8 21.
Nxe5 dxe5 22. Rxd8 Rxd8 23. Qh4+ Kg8 24. Qh6 Bf8 25. Qxg6+ Bg7 26. Qf7+ Kh7 27.
e7 Re8 28. Rd1 c4 29. Rd6 1-0

[Event "Nordisk Senior Mesterskab 2013"]
[Site "Allinge"]
[Date "2013.09.12"]
[Round "6"]
[White "Larsen, Arne Walther"]
[Black "Sloth, Jorn"]
[Result "0-1"]
[WhiteElo "1873"]
[BlackElo "2330"]
[PlyCount "50"]
[EventDate "2013.??.??"]

1. g3 g6 2. Bg2 Bg7 3. d3 d5 4. f4 Nc6 5. Nf3 Nh6 6. O-O d4 7. c4 O-O 8. Na3
Nf5 9. Nc2 e5 10. fxe5 Nxe5 11. Nxe5 Bxe5 12. b4 h5 13. Bf4 Bf6 14. Rf3 Bd7 15.
b5 c6 16. a4 Qe7 17. e4 dxe3 18. d4 e2 19. Qd3 Nxd4 20. Nxd4 e1=Q+ 21. Rxe1
Qxe1+ 22. Rf1 Qe7 23. bxc6 bxc6 24. Nxc6 Bxc6 25. Bxc6 Qc5+ 0-1

[Event "Nordisk Senior Mesterskab 2013"]
[Site "Allinge"]
[Date "2013.09.12"]
[Round "6"]
[White "Grabow, Pouelsten Holm"]
[Black "Karason, Askell Orn"]
[Result "0-1"]
[WhiteElo "2157"]
[BlackElo "2205"]
[PlyCount "90"]
[EventDate "2013.??.??"]

1. d4 d6 2. g3 e5 3. dxe5 dxe5 4. Qxd8+ Kxd8 5. Bg2 c6 6. Nf3 f6 7. O-O Be6 8.
b3 Nd7 9. Ba3 Bxa3 10. Nxa3 Kc7 11. Rfd1 Nh6 12. c4 a5 13. Rac1 Nc5 14. Ne1
Rhd8 15. e3 Nf7 16. f3 Na6 17. Nb5+ Kb6 18. Nc3 Nc5 19. Bf1 Bf5 20. e4 Bg6 21.
Nd3 Ng5 22. Kf2 Nge6 23. Nxc5 Kxc5 24. a3 Rd4 25. Na4+ Kd6 26. c5+ Ke7 27. Bc4
Rad8 28. Rxd4 Nxd4 29. Nc3 Bf7 30. Bxf7 Kxf7 31. b4 axb4 32. axb4 Ra8 33. b5
cxb5 34. Rb1 Ra5 35. Rb2 Ke6 36. Ne2 Nxe2 37. Kxe2 Kd7 38. Rd2+ Kc7 39. h4 b4
40. Rb2 Rb5 41. Kd3 Kc6 42. f4 Kxc5 43. fxe5 fxe5 44. Rc2+ Kb6 45. Rb2 b3 0-1

[Event "Nordisk Senior Mesterskab 2013"]
[Site "Allinge"]
[Date "2013.09.12"]
[Round "6"]
[White "Svensson, Lars Ake"]
[Black "Grahn, Lars"]
[Result "1/2-1/2"]
[WhiteElo "1977"]
[BlackElo "1968"]
[PlyCount "114"]
[EventDate "2013.??.??"]

1. e4 Nf6 2. d3 e5 3. Nf3 Nc6 4. g3 Bc5 5. Bg2 d6 6. O-O Bg4 7. h3 Bh5 8. c3
Qe7 9. Qe2 Nd7 10. Be3 h6 11. b4 Bb6 12. Bxb6 axb6 13. Qe3 Bxf3 14. Bxf3 O-O
15. Kg2 Nf6 16. a3 Ra7 17. Ra2 Qe6 18. Rb2 Rd8 19. Rd1 d5 20. Qe2 d4 21. c4 g5
22. Rh1 Ne7 23. Re1 Ng6 24. Kh2 Kg7 25. Bg4 Nxg4+ 26. hxg4 Qd7 27. Rh1 Nf8 28.
Qf3 Raa8 29. Qf5 Qe7 30. Qf3 Rd6 31. Kg1 Rf6 32. Qd1 Qd7 33. f3 b5 34. c5 Rc6
35. Rhh2 Ne6 36. Rhc2 Rca6 37. Kf2 Rh8 38. Kg1 f6 39. Rh2 Qf7 40. Rh5 Kg6 41.
Qb3 Ng7 42. Qxf7+ Kxf7 43. Rh3 Ne6 44. Kf1 Kg6 45. Ke1 c6 46. Kd1 Rh7 47. Rhh2
Ng7 48. Rh3 Rh8 49. Rbh2 Ne6 50. Rc2 Nd8 51. Rhh2 Nf7 52. Kc1 Rha8 53. Kb2 Kg7
54. Rh1 Kf8 55. Rhh2 Ke7 56. Kb3 Kd7 57. Rh1 Ke6 1/2-1/2

[Event "Nordisk Senior Mesterskab 2013"]
[Site "Allinge"]
[Date "2013.09.12"]
[Round "6"]
[White "Johnsen, Gunnar"]
[Black "Flodmark, Tarras"]
[Result "1-0"]
[WhiteElo "2171"]
[BlackElo "1900"]
[PlyCount "111"]
[EventDate "2013.??.??"]

1. d4 Nf6 2. c4 e6 3. Nc3 d5 4. Nf3 Nbd7 5. Bg5 Be7 6. e3 c6 7. Qc2 h6 8. Bh4
O-O 9. Rd1 dxc4 10. Bxc4 Nd5 11. Bxe7 Qxe7 12. O-O b6 13. e4 Nxc3 14. Qxc3 Bb7
15. Rfe1 Rac8 16. b4 Rfd8 17. Qb3 Nb8 18. a4 Nd7 19. h3 Kh8 20. Ra1 Rc7 21.
Rad1 Nf8 22. Ra1 Rcd7 23. a5 Ng6 24. axb6 axb6 25. Ra7 Ra8 26. Rea1 Rxa7 27.
Rxa7 Kh7 28. Ba6 Bxa6 29. Rxa6 Rb7 30. Qc4 Qc7 31. g3 Qd7 32. Kg2 f6 33. Ra8
Ne7 34. h4 h5 35. Ng1 Nc8 36. Nh3 Ra7 37. Rxa7 Nxa7 38. Nf4 e5 39. dxe5 fxe5
40. Ne6 Kh8 41. Ng5 Nb5 42. Qf7 Qxf7 43. Nxf7+ Kg8 44. Nxe5 c5 45. bxc5 bxc5
46. Nc4 Kf7 47. Kf3 Ke6 48. Kf4 Nc3 49. Ke3 Nb5 50. f3 g6 51. g4 hxg4 52. fxg4
Nd6 53. Nxd6 Kxd6 54. h5 gxh5 55. gxh5 Ke6 56. Kd3 1-0

[Event "Nordisk Senior Mesterskab 2013"]
[Site "Allinge"]
[Date "2013.09.12"]
[Round "6"]
[White "Thjomoe, Hans Richard"]
[Black "Gromark, Per Olof"]
[Result "0-1"]
[WhiteElo "1862"]
[BlackElo "2118"]
[PlyCount "102"]
[EventDate "2013.??.??"]

1. e4 c5 2. Nc3 a6 3. a4 b6 4. Nf3 Bb7 5. Bc4 e6 6. d3 d5 7. Bb3 Nf6 8. exd5
exd5 9. Bg5 Be7 10. O-O O-O 11. Re1 d4 12. Bxf6 Bxf6 13. Ne4 Be7 14. Qd2 Nd7
15. c3 dxc3 16. bxc3 h6 17. d4 Nf6 18. Bc2 Qc7 19. Rac1 Rad8 20. h3 Nxe4 21.
Bxe4 Bf6 22. Bxb7 Qxb7 23. Qf4 Qc6 24. dxc5 Qxc5 25. Qb4 Rc8 26. Qxc5 Rxc5 27.
c4 Rfc8 28. Rb1 Rxc4 29. Rxb6 Rxa4 30. Reb1 Rc2 31. Rd6 Raa2 32. Rf1 Be7 33.
Rd5 Bf6 34. h4 a5 35. g4 Rc3 36. Kg2 g6 37. g5 hxg5 38. hxg5 Be7 39. Rb5 Rcc2
40. Nh2 Kg7 41. Ng4 a4 42. Re1 Bc5 43. Rf1 Rab2 44. Rxb2 Rxb2 45. Rc1 Be7 46.
Rc7 Bxg5 47. Ne5 Be3 48. Rxf7+ Kg8 49. Rf3 Rxf2+ 50. Rxf2 Bxf2 51. Nd3 Bd4 0-1

[Event "Nordisk Senior Mesterskab 2013"]
[Site "Allinge"]
[Date "2013.09.12"]
[Round "6"]
[White "Berkell, Peder"]
[Black "Wihlborn, Bengt"]
[Result "1-0"]
[WhiteElo "2201"]
[BlackElo "1811"]
[PlyCount "87"]
[EventDate "2013.??.??"]

1. f4 d5 2. Nf3 c5 3. g3 b6 4. Bg2 Bb7 5. O-O Nf6 6. d3 e6 7. c3 Bd6 8. Qe1
Nbd7 9. Na3 O-O 10. e4 dxe4 11. Ng5 h6 12. Nxe4 Nxe4 13. dxe4 Rc8 14. Be3 Bb8
15. Rd1 Qe7 16. Rf2 Rfd8 17. Rfd2 Nf6 18. e5 Rxd2 19. Qxd2 Ng4 20. Bxb7 Qxb7
21. Qe2 Qe4 22. Re1 Nxe3 23. Qxe3 Qxe3+ 24. Rxe3 Rd8 25. Kf2 Kf8 26. Ke2 Ke7
27. Rd3 a6 28. c4 Bc7 29. Rxd8 Bxd8 30. Kd3 Kd7 31. Nb1 b5 32. Nc3 Kc6 33. Ne4
Bc7 34. g4 g5 35. fxg5 hxg5 36. Nxg5 Bxe5 37. b3 f5 38. gxf5 exf5 39. h4 Bf6
40. Ke3 Kd6 41. Kf4 Bxg5+ 42. Kxg5 Ke5 43. h5 f4 44. h6 1-0

[Event "Nordisk Senior Mesterskab 2013"]
[Site "Allinge"]
[Date "2013.09.12"]
[Round "6"]
[White "Hvenekilde, Jorgen"]
[Black "Haagen Larsen, Hans"]
[Result "1-0"]
[WhiteElo "2120"]
[BlackElo "1704"]
[PlyCount "55"]
[EventDate "2013.??.??"]

1. e4 e6 2. d4 d5 3. e5 c5 4. Nf3 Nd7 5. Bd3 Ne7 6. O-O Nc6 7. Re1 h6 8. Nbd2
Qb6 9. c4 cxd4 10. cxd5 Nb4 11. Nc4 Qc5 12. dxe6 Nxd3 13. exd7+ Bxd7 14. Qxd3
O-O-O 15. Bf4 Be6 16. Rec1 Kb8 17. Nd6 Qd5 18. b4 b6 19. Nxd4 Bd7 20. Qf3 Qxf3
21. gxf3 Bxd6 22. exd6 g5 23. Bg3 Kb7 24. Rc7+ Ka6 25. a4 h5 26. Be5 Rh6 27.
b5+ Ka5 28. Nc6+ 1-0

[Event "Nordisk Senior Mesterskab 2013"]
[Site "Allinge"]
[Date "2013.09.12"]
[Round "6"]
[White "Bjorgvik, Jan Arne"]
[Black "Zachariassen, John"]
[Result "1-0"]
[WhiteElo "1840"]
[BlackElo "1900"]
[PlyCount "55"]
[EventDate "2013.??.??"]

1. e4 g6 2. d4 Bg7 3. Nf3 d6 4. Bc4 c6 5. h3 Qc7 6. O-O e5 7. c3 Nf6 8. dxe5
dxe5 9. Re1 O-O 10. Qe2 Nbd7 11. b3 h6 12. Rd1 Nh5 13. Nh4 Kh7 14. Nf5 gxf5 15.
Qxh5 Nf6 16. Qe2 b5 17. Bd3 f4 18. Bxf4 Be6 19. Be3 Kh8 20. Qf3 Qe7 21. b4 Nd7
22. Nd2 Rg8 23. Qh5 Qf6 24. Nf3 Bf8 25. Kh2 Qg7 26. Rg1 Nf6 27. Qh4 Be7 28.
Qxh6+ 1-0

[Event "Nordisk Senior Mesterskab 2013"]
[Site "Allinge"]
[Date "2013.09.12"]
[Round "6"]
[White "Christiansen, Niels Jorgen"]
[Black "Baliuniene, Margarita"]
[Result "0-1"]
[WhiteElo "1669"]
[BlackElo "1834"]
[PlyCount "138"]
[EventDate "2013.??.??"]

1. d4 d5 2. Nc3 Nf6 3. Bg5 e6 4. e3 Be7 5. Bd3 Nbd7 6. Nf3 c5 7. Bxf6 Nxf6 8.
O-O c4 9. Be2 a6 10. Nd2 b5 11. a3 Bb7 12. f4 Qc7 13. Bf3 O-O 14. g4 Rad8 15.
Qe2 Nd7 16. Qg2 Nb6 17. Rad1 Bc6 18. g5 a5 19. Bg4 b4 20. axb4 axb4 21. Ne2 Ra8
22. Ra1 Qb7 23. Nf3 Ba4 24. c3 Bc2 25. Ne5 b3 26. f5 Bxg5 27. Qf2 exf5 28. Bxf5
Bxf5 29. Qxf5 Bxe3+ 30. Kh1 g6 31. Qh3 Bg5 32. Qg3 Be7 33. Rxa8 Qxa8 34. Ng4 f5
35. Nh6+ Kh8 36. Nf4 Rf6 37. Qe3 Qf8 38. Ne6 Qc8 39. Ng5 Bf8 40. Qe5 Nd7 41.
Nhf7+ Kg7 42. Qxd5 Qc6 43. Qxc6 Rxc6 44. Ne5 Nxe5 45. dxe5 h6 46. Nf3 Ra6 47.
Nd2 Rc6 48. Rf4 Be7 49. Nxc4 Bg5 50. Rd4 Kf7 51. Na5 Rc5 52. Nc4 Be7 53. Nd2
Rxe5 54. Nxb3 Re1+ 55. Kg2 Re2+ 56. Kh1 Rxb2 57. Na5 Bf6 58. Rd3 Rb5 59. Nc4
Rb3 60. Ne3 Rxc3 61. Rxc3 Bxc3 62. Kg2 Ke6 63. Kf3 Be5 64. h3 g5 65. Kg2 Bf4
66. Nf1 Kd5 67. Kf3 Ke5 68. Ng3 Bxg3 69. Kxg3 Ke4 0-1

[Event "Nordisk Senior Mesterskab 2013"]
[Site "Allinge"]
[Date "2013.09.12"]
[Round "6"]
[White "Kristjansson, Sigurdur"]
[Black "Lykke, Hans Christian"]
[Result "1-0"]
[WhiteElo "1912"]
[BlackElo "1252"]
[PlyCount "99"]
[EventDate "2013.??.??"]

1. c4 c5 2. Nc3 Nc6 3. Nf3 Nf6 4. g3 g6 5. Bg2 Bg7 6. d3 d6 7. O-O O-O 8. Bd2
Bd7 9. Rb1 Rb8 10. Qc1 Qc8 11. Nd5 Nxd5 12. cxd5 Nd4 13. Qd1 Nxf3+ 14. Bxf3 e5
15. dxe6 Bxe6 16. Qa4 a6 17. b3 b5 18. Qh4 h5 19. Rfc1 b4 20. Kg2 Qc7 21. Bxb4
a5 22. Bc3 Bxc3 23. Rxc3 Rb4 24. Qg5 Bg4 25. h3 Bxf3+ 26. Kxf3 Qb7+ 27. e4 Kg7
28. Rbc1 f5 29. Rc4 fxe4+ 30. Ke2 exd3+ 31. Kxd3 Qf3+ 32. Qe3 Qxe3+ 33. Kxe3
Re8+ 34. Kf3 Re5 35. R1c2 Rf5+ 36. Kg2 Re5 37. f4 Rxc4 38. bxc4 Re4 39. Kf3 Rd4
40. Rc3 Kf6 41. g4 g5 42. f5 hxg4+ 43. hxg4 Rf4+ 44. Kg3 Ke5 45. Re3+ Kd4 46.
Re6 Kxc4 47. Rxd6 Re4 48. Rg6 Re3+ 49. Kf2 Kd4 50. Rd6+ 1-0

[Event "Nordisk Senior Mesterskab 2013"]
[Site "Allinge"]
[Date "2013.09.12"]
[Round "6"]
[White "Brogaard, Lars"]
[Black "Kraft, Rene"]
[Result "1-0"]
[WhiteElo "1567"]
[BlackElo "1696"]
[PlyCount "69"]
[EventDate "2013.??.??"]

1. f4 c5 2. Nf3 Nc6 3. c3 e6 4. e4 Be7 5. d3 Nf6 6. Be2 O-O 7. O-O b5 8. Na3 b4
9. Nc2 a5 10. Kh1 Bb7 11. Qe1 d5 12. e5 Ne8 13. Ng5 Bxg5 14. fxg5 Nxe5 15. d4
cxd4 16. cxd4 Nc4 17. Bd3 g6 18. Qh4 e5 19. Rf3 Bc8 20. Rg3 Ng7 21. Ne3 Nxe3
22. Bxe3 Nh5 23. dxe5 Nxg3+ 24. hxg3 Bb7 25. Bd4 h5 26. g4 Qe7 27. gxh5 Qe6 28.
Rf1 Bc8 29. hxg6 fxg6 30. Rxf8+ Kxf8 31. Qh8+ Ke7 32. Bb5 Qf7 33. Bc5+ Ke6 34.
Bd3 Bb7 35. Qh3+ 1-0

[Event "Nordisk Senior Mesterskab 2013"]
[Site "Allinge"]
[Date "2013.09.14"]
[Round "7"]
[White "Kristiansen, Jens"]
[Black "Sorensen, Bent"]
[Result "1/2-1/2"]
[WhiteElo "2403"]
[BlackElo "2257"]
[PlyCount "64"]
[EventDate "2013.??.??"]

1. d4 d5 2. c4 c6 3. Nf3 Nf6 4. Nc3 e6 5. g3 dxc4 6. Bg2 Nd5 7. Ne5 b5 8. e4
Nxc3 9. bxc3 Be7 10. a4 O-O 11. axb5 cxb5 12. Nxf7 Rxf7 13. e5 Nc6 14. Bxc6 Rb8
15. O-O Bb7 16. Bxb7 Rxb7 17. Qg4 Qd7 18. Rd1 Qc6 19. Be3 Bd8 20. d5 exd5 21.
Ra2 Rfe7 22. Bg5 Re8 23. Bxd8 Rxd8 24. Qd4 a6 25. f4 Qe6 26. Kg2 h5 27. Rda1
Qf5 28. Rd2 Qg6 29. Rf1 b4 30. cxb4 Rxb4 31. f5 Qb6 32. Rfd1 Qxd4 1/2-1/2

[Event "Nordisk Senior Mesterskab 2013"]
[Site "Allinge"]
[Date "2013.09.14"]
[Round "7"]
[White "Nyberg, Ulf"]
[Black "Olafsson, Fridrik"]
[Result "1/2-1/2"]
[WhiteElo "2130"]
[BlackElo "2407"]
[PlyCount "38"]
[EventDate "2013.??.??"]

1. d4 d5 2. c4 dxc4 3. Nf3 Nf6 4. Nc3 Bf5 5. e3 e6 6. Bxc4 a6 7. O-O Nc6 8. Qe2
Bg4 9. Rd1 Be7 10. d5 exd5 11. Nxd5 Bd6 12. e4 Nxd5 13. exd5+ Ne5 14. Bf4 Bxf3
15. gxf3 f6 16. Bxe5 fxe5 17. Bd3 O-O 18. Kh1 Qh4 19. Be4 Rf6 1/2-1/2

[Event "Nordisk Senior Mesterskab 2013"]
[Site "Allinge"]
[Date "2013.09.14"]
[Round "7"]
[White "Westerinen, Heikki"]
[Black "Johnsen, Gunnar"]
[Result "1-0"]
[WhiteElo "2281"]
[BlackElo "2171"]
[PlyCount "77"]
[EventDate "2013.??.??"]

1. e4 e6 2. d4 d5 3. Nd2 Nc6 4. Ngf3 Nf6 5. e5 Nd7 6. Be2 Be7 7. Nf1 O-O 8. Ne3
f6 9. exf6 Nxf6 10. O-O Bd6 11. c4 b6 12. b3 Ne7 13. Bb2 Bb7 14. Ne5 c5 15. f4
Nf5 16. Nxf5 exf5 17. Bf3 Ne4 18. Qe2 Bxe5 19. fxe5 cxd4 20. Rad1 Qe7 21. cxd5
Bxd5 22. Rxd4 Qe6 23. Rfd1 Bb7 24. Rd7 Rf7 25. Qc4 Qxc4 26. bxc4 Re8 27. Rd8
Rfe7 28. Rxe8+ Rxe8 29. Rd7 Ba6 30. e6 Rxe6 31. Rxg7+ Kf8 32. Rxh7 Bxc4 33.
Rxa7 b5 34. Bh5 Rc6 35. Ra8+ Ke7 36. Ra7+ Kf8 37. Bg7+ Kg8 38. Bd4 Rd6 39. Ra8+
1-0

[Event "Nordisk Senior Mesterskab 2013"]
[Site "Allinge"]
[Date "2013.09.14"]
[Round "7"]
[White "Gromark, Per Olof"]
[Black "Svensson, Lars Ake"]
[Result "1/2-1/2"]
[WhiteElo "2118"]
[BlackElo "1977"]
[PlyCount "152"]
[EventDate "2013.??.??"]

1. d4 f5 2. Bg5 g6 3. Nc3 d5 4. h4 Bg7 5. e3 c6 6. Bd3 Be6 7. Nh3 Nf6 8. Bxf6
Bxf6 9. Ng5 Qd6 10. f4 Nd7 11. Qe2 Bg7 12. h5 O-O-O 13. O-O-O Nb6 14. Kb1 Rdf8
15. g3 Nd7 16. Rc1 Kb8 17. Na4 Nb6 18. Nc5 Bc8 19. hxg6 hxg6 20. Rxh8 Bxh8 21.
Rh1 Bf6 22. Nf3 Nd7 23. Nxd7+ Bxd7 24. Rh6 Rg8 25. Qh2 Be6 26. Rh7 Qd8 27. Rh6
Rh8 28. Ng5 Rxh6 29. Qxh6 Bxg5 30. fxg5 Qg8 31. a3 Kc7 32. Qh4 Kc8 33. Be2 Qf7
34. Qh8+ Kc7 35. Qa8 a6 36. Qa7 Kc8 37. Qa8+ Kc7 38. Qh8 Qg8 39. Qh4 Qf7 40. a4
Kc8 41. a5 Qg8 42. Kc1 Qf7 43. Kd2 Qg8 44. c3 Kd7 45. Qf4 Qd8 46. b4 Qc7 47.
Qh4 Qd8 48. Ke1 Qg8 49. Kf2 Kd6 50. Bd3 Kd7 51. Qf4 Kc8 52. Qe5 Kd7 53. Kf3 Kc8
54. Qf4 Kd7 55. Qh4 Kc7 56. Qh6 Qf7 57. Qh8 Qg8 58. Qxg8 Bxg8 59. Kf4 Kd6 60.
g4 e6 61. c4 dxc4 62. Bxc4 fxg4 63. Kxg4 Bf7 64. Kf4 Be8 65. Ke4 Bf7 66. Kf4
Be8 67. Bb3 Bf7 68. Ke4 Be8 69. Kd3 Bf7 70. e4 Bg8 71. e5+ Kd7 72. Kc4 Bf7 73.
Kc5 Kc7 74. Bc2 Be8 75. Be4 Bf7 76. Bf3 Bg8 1/2-1/2